[Event "MCRE_PF07"]
[Site "?"]
[Date "2002.??.??"]
[Round "?"]
[White "Bucek, Jiri"]
[Black "Postl, Rostislav"]
[Result "1/2-1/2"]
[WhiteElo "2200"]
[BlackElo "2175"]
[PlyCount "44"]
[EventDate "2002.??.??"]
[EventType "corr"]
[EventRounds "2"]

1. e4 e5 2. Nf3 Nc6 3. d4 exd4 4. Nxd4 Bc5 5. Be3 Qf6 6. c3 Nge7 7. Bc4 Ne5 8.
Be2 Qg6 9. O-O d6 10. Kh1 Qxe4 11. Nd2 Qg6 12. Nb5 O-O 13. Nxc7 Rb8 14. Bf4 Bd7
15. Nb3 Bc6 16. Bg3 Bb6 17. Nb5 Nf5 18. N3d4 Nxg3+ 19. fxg3 Be4 20. Bh5 Qh6 21.
Bf3 Bxf3 22. gxf3 d5 1/2-1/2

[Event "MCRE_PF07"]
[Site "?"]
[Date "2002.??.??"]
[Round "?"]
[White "Postl, Rostislav"]
[Black "Bucek, Jiri"]
[Result "1/2-1/2"]
[WhiteElo "2165"]
[BlackElo "2200"]
[PlyCount "49"]
[EventDate "2002.??.??"]
[EventType "corr"]
[EventRounds "2"]

1. e4 e5 2. Nf3 Nc6 3. Bb5 a6 4. Ba4 Nf6 5. O-O Be7 6. Re1 b5 7. Bb3 d6 8. c3
O-O 9. h3 Bb7 10. d4 Na5 11. Bc2 c5 12. Nbd2 cxd4 13. cxd4 Qc7 14. Nf1 Rac8 15.
Re2 exd4 16. Nxd4 Rfe8 17. Ng3 g6 18. Bf4 Qb6 19. Nf3 Bf8 20. Rc1 Nc4 21. Bd3
Bg7 22. b3 Ne5 23. Nxe5 Rxc1 24. Bxc1 dxe5 25. Be3 1/2-1/2

[Event "MCRE_PF07"]
[Site "?"]
[Date "2002.??.??"]
[Round "?"]
[White "Bucek, Jiri"]
[Black "Mikoska, Josef"]
[Result "1/2-1/2"]
[WhiteElo "2200"]
[BlackElo "2140"]
[PlyCount "43"]
[EventDate "2002.??.??"]
[EventType "corr"]
[EventRounds "2"]

1. e4 e5 2. Nf3 Nc6 3. d4 exd4 4. Nxd4 Nf6 5. Nxc6 bxc6 6. Bd3 d5 7. Qe2 Be7 8.
O-O O-O 9. Nd2 Re8 10. e5 Bc5 11. Nb3 Nd7 12. Bf4 Bb6 13. Rfe1 Qh4 14. Bg3 Qh6
15. Qf3 a5 16. a4 Nc5 17. Nxc5 Bxc5 18. c3 Be6 19. Rab1 Rab8 20. Bf4 Qh4 21. h3
Rb7 22. b3 1/2-1/2

[Event "MCRE_PF07"]
[Site "?"]
[Date "2002.??.??"]
[Round "?"]
[White "Kohler, Josef"]
[Black "Nigrin, Jiri"]
[Result "1/2-1/2"]
[WhiteElo "2150"]
[BlackElo "2110"]
[PlyCount "42"]
[EventDate "2002.??.??"]
[EventType "corr"]
[EventRounds "2"]

1. c4 Nf6 2. Nc3 e5 3. Nf3 Nc6 4. g3 Bb4 5. Bg2 O-O 6. O-O Bxc3 7. bxc3 d6 8.
d3 e4 9. Nd4 exd3 10. Nxc6 dxe2 11. Qxe2 bxc6 12. Bxc6 Rb8 13. Be3 Bb7 14. Bxb7
Rxb7 15. c5 dxc5 16. Bxc5 Re8 17. Qf3 Ne4 18. Rfe1 Nxc5 19. Qc6 Re7 20. Qxc5
Rxe1+ 21. Rxe1 h6 1/2-1/2

[Event "MCRE_PF07"]
[Site "?"]
[Date "2002.??.??"]
[Round "?"]
[White "Mikoska, Josef"]
[Black "Bucek, Jiri"]
[Result "1/2-1/2"]
[WhiteElo "2140"]
[BlackElo "2200"]
[PlyCount "52"]
[EventDate "2002.??.??"]
[EventType "corr"]
[EventRounds "2"]

1. e4 e6 2. d4 d5 3. Nd2 Nf6 4. e5 Nfd7 5. Bd3 c5 6. c3 Nc6 7. Ne2 cxd4 8. cxd4
f6 9. Nf4 Nxd4 10. Qh5+ Ke7 11. exf6+ Nxf6 12. Ng6+ hxg6 13. Qxh8 Kf7 14. O-O
e5 15. Nb3 Nxb3 16. axb3 Bf5 17. Bxf5 gxf5 18. Bg5 Bc5 19. Qh4 Qb6 20. Bxf6
Qxf6 21. Qxf6+ Kxf6 22. Ra5 b6 23. Ra6 e4 24. Rfa1 Rc8 25. Rd1 d4 26. Rxa7 d3
1/2-1/2

[Event "MCRE_PF07"]
[Site "?"]
[Date "2002.??.??"]
[Round "?"]
[White "Postl, Rostislav"]
[Black "Kohler, Josef"]
[Result "0-1"]
[WhiteElo "2175"]
[BlackElo "2150"]
[PlyCount "62"]
[EventDate "2002.??.??"]
[EventType "corr"]
[EventRounds "2"]

1. e4 c5 2. Nf3 Nc6 3. d4 cxd4 4. Nxd4 Nf6 5. Nc3 d6 6. Bg5 e6 7. Qd2 a6 8.
O-O-O h6 9. Be3 Be7 10. f4 Bd7 11. Kb1 b5 12. Bd3 O-O 13. h3 Qc7 14. Rhe1 Nxd4
15. Bxd4 b4 16. Ne2 e5 17. Bg1 Rfc8 18. Qxb4 Rab8 19. Qd2 a5 20. Ba6 Re8 21.
Nc3 a4 22. Qd3 Qa5 23. Ka1 a3 24. b3 d5 25. fxe5 dxe4 26. Nxe4 Nxe4 27. Rxe4
Rbd8 28. Rd4 Bf5 29. Qc4 Qxe5 30. g4 Bf6 31. gxf5 Qg3 0-1

[Event "MCRE_PF07"]
[Site "?"]
[Date "2002.??.??"]
[Round "?"]
[White "Firla, Stanislav"]
[Black "Bucek, Jiri"]
[Result "1/2-1/2"]
[WhiteElo "2260"]
[BlackElo "2200"]
[PlyCount "41"]
[EventDate "2002.??.??"]
[EventType "corr"]
[EventRounds "2"]

1. c4 e5 2. Nc3 Bb4 3. Nd5 Bc5 4. e3 Ne7 5. Nc3 d5 6. cxd5 Nxd5 7. Nf3 Nc6 8.
Bb5 O-O 9. Bxc6 bxc6 10. Qa4 Qe8 11. O-O Nxc3 12. dxc3 e4 13. Nd2 Bf5 14. b3
Bb6 15. Ba3 c5 16. Qxe8 Rfxe8 17. Nc4 Bg4 18. f3 Be6 19. Kf2 Bxc4 20. bxc4 Rad8
21. Rad1 1/2-1/2

[Event "MCRE_PF07"]
[Site "?"]
[Date "2002.??.??"]
[Round "?"]
[White "Bucek, Jiri"]
[Black "Ksir, Bohumil"]
[Result "1-0"]
[WhiteElo "2200"]
[BlackElo "2175"]
[PlyCount "43"]
[EventDate "2002.??.??"]
[EventType "corr"]
[EventRounds "2"]

1. e4 c6 2. d4 d5 3. e5 Bf5 4. g4 Be4 5. f3 Bg6 6. Ne2 e6 7. h4 h6 8. Be3 Qb6
9. Nbc3 c5 10. f4 Nc6 11. f5 exf5 12. Nxd5 Qa5+ 13. Bd2 Qd8 14. Nef4 Nge7 15.
Bg2 Nxd5 16. Bxd5 Nxd4 17. c3 Nc6 18. e6 Qc7 19. exf7+ Bxf7 20. Qe2+ Ne7 21.
Bxf7+ Kxf7 22. O-O-O 1-0

[Event "MCRE_PF07"]
[Site "?"]
[Date "2002.??.??"]
[Round "?"]
[White "Hlavica, Bretislav"]
[Black "Bucek, Jiri"]
[Result "1/2-1/2"]
[WhiteElo "2165"]
[BlackElo "2200"]
[PlyCount "46"]
[EventDate "2002.??.??"]
[EventType "corr"]
[EventRounds "2"]

1. d4 d5 2. c4 e6 3. Nc3 c6 4. e3 Nf6 5. Nf3 a6 6. Qc2 b5 7. b3 Nbd7 8. Bd3 Bb7
9. c5 Qc7 10. Bb2 g6 11. O-O Bg7 12. b4 O-O 13. a4 e5 14. dxe5 Ng4 15. Ne2
Ndxe5 16. Nxe5 Nxe5 17. f4 Nxd3 18. Bxg7 Kxg7 19. Qxd3 bxa4 20. Rxa4 Rfe8 21.
f5 Qe5 22. Rf3 Qb2 23. Ra3 Re4 1/2-1/2

[Event "MCRE_PF07"]
[Site "?"]
[Date "2002.??.??"]
[Round "?"]
[White "Bucek, Jiri"]
[Black "Hlavica, Bretislav"]
[Result "1/2-1/2"]
[WhiteElo "2200"]
[BlackElo "2165"]
[PlyCount "47"]
[EventDate "2002.??.??"]
[EventType "corr"]
[EventRounds "2"]

1. e4 g6 2. d4 Bg7 3. c4 d6 4. Nc3 Nf6 5. Nf3 O-O 6. h3 Nbd7 7. Bg5 a6 8. Bd3
c5 9. d5 Qa5 10. O-O Qc7 11. Qd2 b6 12. b3 Bb7 13. Rab1 Rae8 14. a3 Nh5 15. b4
cxb4 16. axb4 e5 17. Rfc1 f6 18. Be3 f5 19. Qc2 fxe4 20. Nxe4 Nf4 21. Nfg5 Nf6
22. Nxf6+ Rxf6 23. Ne4 Rf7 24. Bf1 1/2-1/2

[Event "MCRE_PF07"]
[Site "?"]
[Date "2002.??.??"]
[Round "?"]
[White "Nigrin, Jiri"]
[Black "Bucek, Jiri"]
[Result "0-1"]
[WhiteElo "2110"]
[BlackElo "2200"]
[PlyCount "62"]
[EventDate "2002.??.??"]
[EventType "corr"]
[EventRounds "2"]

1. e4 e6 2. d4 d5 3. exd5 exd5 4. Nf3 Bg4 5. h3 Bh5 6. Qe2+ Qe7 7. Be3 Nc6 8.
Nc3 O-O-O 9. g4 Bg6 10. O-O-O Qe8 11. a3 f6 12. Bg2 Kb8 13. Nd2 Bf7 14. f4 Nge7
15. Rde1 f5 16. Nf3 Qd7 17. Ne5 Nxe5 18. dxe5 d4 19. Rd1 c5 20. Bf2 Qc8 21. Nb1
Nd5 22. Qf3 h5 23. Qg3 Be7 24. g5 h4 25. Qh2 Nb6 26. Rd3 Qe6 27. b3 c4 28. bxc4
Qxc4 29. Qg1 Na4 30. Qd1 Qa2 31. Qe2 Nc3 0-1

[Event "MCRE_PF07"]
[Site "?"]
[Date "2002.??.??"]
[Round "?"]
[White "Mikoska, Josef"]
[Black "Firla, Stanislav"]
[Result "0-1"]
[WhiteElo "2140"]
[BlackElo "2260"]
[PlyCount "44"]
[EventDate "2002.??.??"]
[EventType "corr"]
[EventRounds "2"]

1. e4 e5 2. Nf3 Nc6 3. Bb5 f5 4. Qe2 fxe4 5. Qxe4 Nf6 6. Qe2 Bd6 7. O-O O-O 8.
Nc3 a6 9. Bxc6 dxc6 10. d4 exd4 11. Qc4+ Kh8 12. Nxd4 Qe8 13. f4 c5 14. Nf3 b5
15. Qd3 c4 16. Qd4 Bb7 17. Ne5 Qe7 18. Be3 g5 19. Rfe1 gxf4 20. Bf2 Qg7 21. g3
fxg3 22. Bxg3 Nd7 0-1

[Event "MCRE_PF07"]
[Site "?"]
[Date "2002.??.??"]
[Round "?"]
[White "Kohler, Josef"]
[Black "Bucek, Jiri"]
[Result "0-1"]
[WhiteElo "2150"]
[BlackElo "2200"]
[PlyCount "96"]
[EventDate "2002.??.??"]
[EventType "corr"]
[EventRounds "2"]

1. c4 e5 2. Nc3 Bb4 3. Nd5 Bc5 4. Nf3 c6 5. Nc3 Qe7 6. d3 Nf6 7. Bg5 d6 8. e3
Bb6 9. Be2 h6 10. Bh4 Bf5 11. O-O Nbd7 12. a4 a5 13. d4 O-O 14. Qb3 Rab8 15.
Rad1 Bc7 16. Nd2 Rfe8 17. Nde4 g5 18. Nxf6+ Nxf6 19. Bg3 h5 20. f4 exf4 21.
exf4 h4 22. Bf2 d5 23. fxg5 Ng4 24. Bxh4 Ne3 25. Rc1 Nxf1 26. Rxf1 Qe3+ 27. Bf2
Qxg5 28. cxd5 Qh6 29. g3 Kg7 30. Qd1 Rh8 31. h4 Rbg8 32. Qc1 Kf8 33. Qxh6+ Rxh6
34. dxc6 bxc6 35. h5 Bg4 36. Bxg4 Rxg4 37. Kg2 Rxh5 38. Ne2 Rf5 39. b4 axb4 40.
Be1 Rxf1 41. Bxb4+ Ke8 42. Kxf1 Bxg3 43. Nxg3 Rxg3 44. Bc5 Kd7 45. a5 Rc3 46.
Bb6 Rb3 47. Bc5 Rb5 48. a6 Rxc5 0-1

[Event "MCRE_PF07"]
[Site "?"]
[Date "2002.??.??"]
[Round "?"]
[White "Bucek, Jiri"]
[Black "Nigrin, Jiri"]
[Result "1-0"]
[WhiteElo "2200"]
[BlackElo "2110"]
[PlyCount "73"]
[EventDate "2002.??.??"]
[EventType "corr"]
[EventRounds "2"]

1. e4 c5 2. Nf3 Nc6 3. d4 cxd4 4. Nxd4 e5 5. Nb5 a6 6. Nd6+ Bxd6 7. Qxd6 Qf6 8.
Qd1 Qg6 9. Nc3 d5 10. Nxd5 Qxe4+ 11. Be3 Rb8 12. f3 Qh4+ 13. Bf2 Qd8 14. Bb6
Qd7 15. Nc7+ Kf8 16. Qxd7 Bxd7 17. Bc5+ Nge7 18. O-O-O Rd8 19. Bc4 Kg8 20. Rd2
Nf5 21. c3 b5 22. Bd5 Rc8 23. Nxa6 Be8 24. Re1 g6 25. g4 Ng7 26. Bd6 h5 27. g5
Bd7 28. Bxe5 Be8 29. Bf6 b4 30. Nc5 bxc3 31. Bxc3 Na7 32. b4 Nb5 33. Be5 Kh7
34. Kb2 Bc6 35. Bxc6 Rxc6 36. a4 Nc7 37. Rd7 1-0

[Event "MCRE_PF07"]
[Site "?"]
[Date "2002.??.??"]
[Round "?"]
[White "Bucek, Jiri"]
[Black "Kohler, Josef"]
[Result "1-0"]
[WhiteElo "2200"]
[BlackElo "2150"]
[PlyCount "97"]
[EventDate "2002.??.??"]
[EventType "corr"]
[EventRounds "2"]

1. e4 c5 2. Nf3 Nc6 3. d4 cxd4 4. Nxd4 Nf6 5. Nxc6 bxc6 6. Bd3 e5 7. Qe2 Bc5 8.
Nc3 Bb4 9. O-O Bxc3 10. bxc3 d6 11. Bg5 h6 12. Bd2 O-O 13. f4 Re8 14. Qf2 exf4
15. Qxf4 Be6 16. h3 Qc7 17. Qg3 Nh5 18. Qh4 Qa5 19. Be2 Qc5+ 20. Kh1 g6 21.
Bxh6 Qe5 22. Bxh5 Qxh5 23. Qxh5 gxh5 24. Rf6 Rab8 25. a4 Rb2 26. Rd1 d5 27. Rd3
h4 28. e5 Bc8 29. Rdf3 Rb7 30. Rxc6 Bd7 31. Rcf6 Bxa4 32. R3f4 Bxc2 33. Rg4+
Kh7 34. Rxh4 Re6 35. Bg5+ Kg8 36. Rf2 Rxe5 37. Bf6 Re1+ 38. Kh2 Bh7 39. Rf5 Re6
40. Rg5+ Kf8 41. Bg7+ Kg8 42. Bd4+ Rg6 43. Rxd5 f6 44. g4 Kf8 45. Rd6 Kg7 46.
Rh5 Bg8 47. g5 Kf7 48. Bxf6 Rb2+ 49. Kg3 1-0

[Event "MCRE_PF07"]
[Site "?"]
[Date "2002.??.??"]
[Round "?"]
[White "Ksir, Bohumil"]
[Black "Bucek, Jiri"]
[Result "0-1"]
[WhiteElo "2200"]
[BlackElo "2175"]
[PlyCount "50"]
[EventDate "2002.??.??"]
[EventType "corr"]
[EventRounds "2"]

1. e4 e5 2. Nf3 Nc6 3. d4 exd4 4. Nxd4 Nf6 5. Nxc6 bxc6 6. e5 Qe7 7. Qe2 Nd5 8.
c4 Ba6 9. b3 g6 10. Bb2 Bg7 11. Nd2 O-O 12. O-O-O Rfe8 13. Nf3 Nb6 14. Qd2 c5
15. Be2 Bb7 16. Kb1 d6 17. Qe3 dxe5 18. Rhe1 e4 19. Nd2 Bxb2 20. Kxb2 Qf6+ 21.
Kc2 a5 22. h3 a4 23. Ra1 Red8 24. Red1 Rd4 25. Bf3 axb3+ 0-1

[Event "MCRE_PF07"]
[Site "?"]
[Date "2002.??.??"]
[Round "?"]
[White "Ksir, Bohumil"]
[Black "Nigrin, Jiri"]
[Result "0-1"]
[WhiteElo "2175"]
[BlackElo "2110"]
[PlyCount "48"]
[EventDate "2002.??.??"]
[EventType "corr"]
[EventRounds "2"]

1. e4 c5 2. Nf3 Nc6 3. d4 cxd4 4. Nxd4 e5 5. Nb5 a6 6. Nd6+ Bxd6 7. Qxd6 Qf6 8.
Qd1 Qg6 9. Nc3 d5 10. Nxd5 Qxe4+ 11. Be3 Rb8 12. Nc3 Qg6 13. Nd5 Nge7 14. Nxe7
Nxe7 15. Bc5 Nc6 16. c3 Be6 17. Qd3 f5 18. Be2 Rd8 19. Qh3 Qf7 20. b3 Rd5 21.
b4 f4 22. Bg4 Bxg4 23. Qxg4 e4 24. Bb6 O-O 0-1

[Event "MCRE_PF07"]
[Site "?"]
[Date "2002.??.??"]
[Round "?"]
[White "Nigrin, Jiri"]
[Black "Ksir, Bohumil"]
[Result "0-1"]
[WhiteElo "2110"]
[BlackElo "2175"]
[PlyCount "41"]
[EventDate "2002.??.??"]
[EventType "corr"]
[EventRounds "2"]

1. d4 Nf6 2. c4 g6 3. Nc3 Bg7 4. e4 d6 5. Be2 O-O 6. Bg5 Na6 7. Qd2 e5 8. d5 h6
9. Be3 Nc5 10. f3 Nfd7 11. O-O-O Kh7 12. h4 f5 13. h5 g5 14. exf5 Rxf5 15. b4
Na6 16. Bd3 e4 17. Bxe4 Ne5 18. g4 Nxc4 19. Qd3 Nxe3 20. Qxe3 Nxb4 21. Nge2 0-1

[Event "MCRE_PF07"]
[Site "?"]
[Date "2002.??.??"]
[Round "?"]
[White "Ksir, Bohumil"]
[Black "Hlavica, Bretislav"]
[Result "0-1"]
[WhiteElo "2175"]
[BlackElo "2165"]
[PlyCount "34"]
[EventDate "2002.??.??"]
[EventType "corr"]
[EventRounds "2"]

1. e4 g6 2. d4 Bg7 3. Nc3 d6 4. f4 Nf6 5. Nf3 c5 6. Bb5+ Bd7 7. e5 Ng4 8. e6
Bxb5 9. exf7+ Kf8 10. Nxb5 Qa5+ 11. Nc3 cxd4 12. Nxd4 Kxf7 13. Qxg4 Bxd4 14.
Bd2 Nc6 15. O-O-O Qf5 16. Qh4 Nb4 17. Rhe1 Qxc2# 0-1

[Event "MCRE_PF07"]
[Site "?"]
[Date "2002.??.??"]
[Round "?"]
[White "Kohler, Josef"]
[Black "Firla, Stanislav"]
[Result "0-1"]
[WhiteElo "2150"]
[BlackElo "2260"]
[PlyCount "49"]
[EventDate "2002.??.??"]
[EventType "corr"]
[EventRounds "2"]

1. c4 e5 2. Nc3 Nf6 3. Nf3 Nc6 4. g3 Bc5 5. Bg2 d6 6. O-O O-O 7. d3 h6 8. a3 a5
9. e3 Bb6 10. b3 Bf5 11. Bb2 Re8 12. Rc1 Qd7 13. Re1 Bh3 14. Bh1 Bg4 15. Qc2
Qf5 16. Nd2 Rac8 17. Nde4 Nxe4 18. Bxe4 Qh5 19. Nd5 Bc5 20. Qc3 Ba7 21. Bg2 f6
22. b4 axb4 23. axb4 Bf3 24. Qb3 Qf7 25. Bxf3 0-1

[Event "MCRE_PF07"]
[Site "?"]
[Date "2002.??.??"]
[Round "?"]
[White "Ksir, Bohumil"]
[Black "Firla, Stanislav"]
[Result "0-1"]
[WhiteElo "2175"]
[BlackElo "2260"]
[PlyCount "48"]
[EventDate "2002.??.??"]
[EventType "corr"]
[EventRounds "2"]

1. e4 c5 2. Nf3 d6 3. d4 cxd4 4. Nxd4 Nf6 5. Nc3 a6 6. Bg5 e6 7. f4 Qb6 8. Qd2
Qxb2 9. Rb1 Qa3 10. e5 dxe5 11. fxe5 Nfd7 12. Bc4 Qa5 13. O-O Nxe5 14. Rbe1
Nxc4 15. Qf4 Nd6 16. Ne4 Qc7 17. c4 h6 18. Bh4 Nb5 19. cxb5 Qxf4 20. Rxf4 g5
21. Nf6+ Kd8 22. Ne4 gxh4 23. Rxf7 Be7 24. Rf2 Bd7 0-1

[Event "MCRE_PF07"]
[Site "?"]
[Date "2002.??.??"]
[Round "?"]
[White "Postl, Rostislav"]
[Black "Nigrin, Jiri"]
[Result "1/2-1/2"]
[WhiteElo "2175"]
[BlackElo "2110"]
[PlyCount "86"]
[EventDate "2002.??.??"]
[EventType "corr"]
[EventRounds "2"]

1. e4 c5 2. Nf3 Nc6 3. d4 cxd4 4. Nxd4 e5 5. Nb5 a6 6. Nd6+ Bxd6 7. Qxd6 Qf6 8.
Qd1 Qg6 9. Nc3 Nge7 10. h4 h5 11. Bg5 d5 12. exd5 Nb4 13. Bxe7 Kxe7 14. Bd3
Nxd3+ 15. Qxd3 Qxd3 16. cxd3 b5 17. a3 Bb7 18. O-O-O Rad8 19. Rhe1 f6 20. f4
Bxd5 21. fxe5 Bxg2 22. exf6+ Kxf6 23. Rg1 Bh3 24. Ne4+ Ke5 25. Rxg7 Rhf8 26.
Nc5 Kd4 27. Nxa6 Bg4 28. Rd2 Rf1+ 29. Kc2 Rf6 30. Nc7 Rc6+ 31. Kb1 Bf5 32. Re7
Bxd3+ 33. Ka2 Kc5 34. Re5+ Kc4 35. Re1 Kc5 36. Ne6+ Rxe6 37. b4+ Kc4 38. Rxe6
Bb1+ 39. Kxb1 Rxd2 40. Re5 Rh2 41. Rxh5 Kb3 42. Kc1 Kxa3 43. Rxb5 Rxh4 1/2-1/2

[Event "MCRE_PF07"]
[Site "?"]
[Date "2002.??.??"]
[Round "?"]
[White "Nigrin, Jiri"]
[Black "Postl, Rostislav"]
[Result "0-1"]
[WhiteElo "2175"]
[BlackElo "2110"]
[PlyCount "78"]
[EventDate "2002.??.??"]
[EventType "corr"]
[EventRounds "2"]

1. d4 d5 2. c4 dxc4 3. e4 e5 4. Nf3 exd4 5. Bxc4 Nc6 6. O-O Be6 7. Bxe6 fxe6 8.
Qb3 Qd7 9. Qxb7 Rb8 10. Qa6 Nf6 11. Qd3 Bd6 12. a3 O-O 13. b4 Nh5 14. Rd1 a5
15. b5 Ne5 16. Nxe5 Bxe5 17. a4 c5 18. Ra2 Qf7 19. Rc2 Rbc8 20. Na3 Bf4 21. Nc4
Bxc1 22. Rdxc1 Nf4 23. Qf1 Qh5 24. f3 d3 25. Ra2 Rcd8 26. Nxa5 Rd4 27. Rc4 Rfd8
28. g4 Qg5 29. Ra1 Rxc4 30. Nxc4 Qf6 31. e5 Ne2+ 32. Kh1 Qf4 33. Na5 c4 34. Nc6
Rd7 35. b6 c3 36. a5 d2 37. b7 Rxb7 38. a6 Ra7 39. Qxe2 c2 0-1

[Event "MCRE_PF07"]
[Site "?"]
[Date "2002.??.??"]
[Round "?"]
[White "Mikoska, Josef"]
[Black "Postl, Rostislav"]
[Result "1/2-1/2"]
[WhiteElo "2140"]
[BlackElo "2175"]
[PlyCount "93"]
[EventDate "2002.??.??"]
[EventType "corr"]
[EventRounds "2"]

1. e4 e5 2. Nf3 Nc6 3. Bb5 a6 4. Ba4 Nf6 5. O-O Be7 6. Qe2 b5 7. Bb3 O-O 8. c3
d6 9. Rd1 Na5 10. Bc2 c5 11. d4 Qc7 12. d5 Bd7 13. Nbd2 c4 14. Nf1 Nb7 15. Ng3
Rfe8 16. Nh4 g6 17. h3 Nxe4 18. Nxg6 fxg6 19. Nxe4 Nc5 20. Nxc5 Qxc5 21. Be3
Qc7 22. Qd2 Bf5 23. Bxf5 gxf5 24. Qe2 f4 25. Bc1 Kh8 26. Re1 Bf6 27. a4 Qd7 28.
axb5 axb5 29. Ra3 Qf5 30. Qf3 Rxa3 31. bxa3 Rc8 32. Re4 Bd8 33. g3 Ba5 34. Bxf4
Rf8 35. Qe3 Bxc3 36. Bh6 Rg8 37. Rg4 Bd4 38. Rxd4 exd4 39. Qxd4+ Qe5 40. Qd2
Re8 41. Kh2 Kg8 42. Qd1 Qf5 43. Qd4 Re5 44. Qb6 Kf7 45. Bf4 Rxd5 46. Bxd6 h5
47. Qb7+ 1/2-1/2

[Event "MCRE_PF07"]
[Site "?"]
[Date "2002.??.??"]
[Round "?"]
[White "Firla, Stanislav"]
[Black "Postl, Rostislav"]
[Result "1-0"]
[WhiteElo "2260"]
[BlackElo "2175"]
[PlyCount "65"]
[EventDate "2002.??.??"]
[EventType "corr"]
[EventRounds "2"]

1. e4 e5 2. f4 exf4 3. Nf3 d6 4. d4 g5 5. h4 g4 6. Ng1 Bh6 7. Ne2 Qf6 8. Nbc3
c6 9. g3 fxg3 10. Nxg3 Bxc1 11. Rxc1 Qf4 12. Nce2 Qe3 13. c4 Ne7 14. Rc3 Qh6
15. Bg2 O-O 16. O-O Ng6 17. Rf6 Qxh4 18. Rxd6 c5 19. Nf5 Qg5 20. Rd5 cxd4 21.
Rg3 Nc6 22. Rxg4 Qf6 23. Neg3 Re8 24. Qf1 Kf8 25. Qc1 Bxf5 26. exf5 Nce5 27.
Nh5 Qxf5 28. Qh6+ Ke7 29. Rf4 Qe6 30. Ng7 Ng4 31. Qg5+ f6 32. Qxg4 Red8 33.
Qxe6+ 1-0

[Event "MCRE_PF07"]
[Site "?"]
[Date "2002.??.??"]
[Round "?"]
[White "Firla, Stanislav"]
[Black "Mikoska, Josef"]
[Result "0-1"]
[WhiteElo "2260"]
[BlackElo "2140"]
[PlyCount "73"]
[EventDate "2002.??.??"]
[EventType "corr"]
[EventRounds "2"]

1. d4 g6 2. e4 Bg7 3. Nc3 d6 4. Be3 c6 5. Nf3 d5 6. h3 dxe4 7. Nxe4 Nd7 8. Bd3
Ngf6 9. Nxf6+ Nxf6 10. O-O O-O 11. c4 b6 12. Qe2 Bb7 13. Rad1 Qc7 14. Rfe1 e6
15. c5 Nd5 16. Rc1 Nf4 17. Qd2 Nxd3 18. Qxd3 Rfd8 19. Qd2 Rd5 20. Bh6 Bf6 21.
Bf4 Qd7 22. Be5 Be7 23. b4 a5 24. a3 axb4 25. axb4 Ra4 26. Rb1 b5 27. Qb2 f6
28. Bg3 Bf8 29. Ra1 Ba6 30. Qe2 Rxa1 31. Rxa1 Bc8 32. Ra8 Kg7 33. Qa2 Bb7 34.
Rb8 Qf7 35. Qa7 Rd7 36. Qb6 g5 37. Be5 0-1

[Event "MCRE_PF07"]
[Site "?"]
[Date "2002.??.??"]
[Round "?"]
[White "Bucek, Jiri"]
[Black "Firla, Stanislav"]
[Result "1/2-1/2"]
[WhiteElo "2200"]
[BlackElo "2260"]
[PlyCount "69"]
[EventDate "2002.??.??"]
[EventType "corr"]
[EventRounds "2"]

1. e4 e5 2. Nf3 Nc6 3. d4 exd4 4. Nxd4 Nf6 5. Nxc6 bxc6 6. Bd3 d5 7. Qe2 dxe4
8. Bxe4 Nxe4 9. Qxe4+ Qe7 10. Qxe7+ Bxe7 11. Bf4 Bf5 12. Nd2 Bxc2 13. Rc1 Ba4
14. b3 Ba3 15. Rd1 Bb5 16. Nc4 Bb4+ 17. Ke2 Ba5 18. Kf3 Bxc4 19. bxc4 Ke7 20.
Rd3 Rhd8 21. Rhd1 Rxd3+ 22. Rxd3 Bb6 23. h4 Rd8 24. Bg5+ f6 25. Rxd8 Kxd8 26.
Be3 Ke7 27. c5 Ba5 28. g4 Ke6 29. Ke4 g6 30. h5 gxh5 31. gxh5 Bc3 32. f4 f5+
33. Kd3 Be1 34. Kd4 Bh4 35. Kc4 1/2-1/2

[Event "MCRE_PF07"]
[Site "?"]
[Date "2002.??.??"]
[Round "?"]
[White "Kohler, Josef"]
[Black "Postl, Rostislav"]
[Result "1-0"]
[WhiteElo "2150"]
[BlackElo "2175"]
[PlyCount "101"]
[EventDate "2002.??.??"]
[EventType "corr"]
[EventRounds "2"]

1. c4 e5 2. Nc3 g6 3. g3 Bg7 4. Bg2 Nc6 5. e4 Nge7 6. Nge2 O-O 7. d3 d6 8. O-O
Be6 9. Nd5 Qd7 10. Be3 Nd4 11. Nxd4 exd4 12. Bh6 c5 13. Bxg7 Kxg7 14. f4 Bxd5
15. cxd5 f5 16. Qb3 Rad8 17. Rfe1 b6 18. a4 Rfe8 19. Rac1 Rf8 20. Qc2 fxe4 21.
dxe4 Rb8 22. b4 a6 23. Bf1 a5 24. bxc5 bxc5 25. Bb5 Qd8 26. Rf1 Rf7 27. Rce1
Qc7 28. Qe2 Nc8 29. Rb1 Qd8 30. Qd3 Na7 31. Bc4 Rb4 32. e5 Nc8 33. e6 Rf8 34.
Rxb4 axb4 35. f5 Ne7 36. f6+ Rxf6 37. Rxf6 Kxf6 38. Qf3+ Kg7 39. Qf7+ Kh8 40.
Kf2 Ng8 41. a5 Qg5 42. a6 Qd2+ 43. Kg1 b3 44. Bxb3 Qe3+ 45. Qf2 Qxb3 46. e7
Qd1+ 47. Qf1 Qa4 48. a7 g5 49. Qf8 Qd1+ 50. Kg2 Qd2+ 51. Qf2 1-0

[Event "MCRE_PF07"]
[Site "?"]
[Date "2002.??.??"]
[Round "?"]
[White "Nigrin, Jiri"]
[Black "Hlavica, Bretislav"]
[Result "1/2-1/2"]
[WhiteElo "2110"]
[BlackElo "2165"]
[PlyCount "72"]
[EventDate "2002.??.??"]
[EventType "corr"]
[EventRounds "2"]

1. e4 g6 2. d4 Bg7 3. Nc3 d6 4. h4 Nf6 5. Be2 h5 6. Bg5 c6 7. Qd2 b5 8. e5 Ng4
9. exd6 Qxd6 10. Nf3 Bf5 11. Bf4 Qd7 12. O-O O-O 13. Rfe1 a5 14. Bd3 Bxd3 15.
Qxd3 Na6 16. Ne4 Nb4 17. Qe2 Nd5 18. Be5 Nxe5 19. Nxe5 Bxe5 20. dxe5 Qf5 21.
Ng5 e6 22. a3 Rad8 23. Rad1 Rd7 24. Qe4 Rfd8 25. Qxf5 gxf5 26. Nf3 c5 27. Rd2
Nb6 28. Red1 Rxd2 29. Rxd2 Rxd2 30. Nxd2 a4 31. g3 f6 32. f4 Kf7 33. Kf2 fxe5
34. fxe5 Ke7 35. Kf3 Kf7 36. Ke3 Kg6 1/2-1/2

[Event "MCRE_PF07"]
[Site "?"]
[Date "2002.??.??"]
[Round "?"]
[White "Ksir, Bohumil"]
[Black "Postl, Rostislav"]
[Result "0-1"]
[WhiteElo "2175"]
[BlackElo "2175"]
[PlyCount "42"]
[EventDate "2002.??.??"]
[EventType "corr"]
[EventRounds "2"]

1. e4 e5 2. Nf3 Nc6 3. Bb5 a6 4. Ba4 Nf6 5. Qe2 b5 6. Bb3 Bc5 7. c3 d6 8. d3 h6
9. Nbd2 O-O 10. Nf1 Bd7 11. Be3 Bxe3 12. Nxe3 Ne7 13. O-O Ng6 14. Rad1 a5 15.
a3 Re8 16. Ba2 Rb8 17. Ra1 c6 18. Qc2 Nf4 19. g3 Ng6 20. b4 d5 21. Nxd5 cxd5
0-1

[Event "MCRE_PF07"]
[Site "?"]
[Date "2002.??.??"]
[Round "?"]
[White "Kohler, Josef"]
[Black "Mikoska, Josef"]
[Result "0-1"]
[WhiteElo "2165"]
[BlackElo "2150"]
[PlyCount "111"]
[EventDate "2002.??.??"]
[EventType "corr"]
[EventRounds "2"]

1. c4 g6 2. Nc3 c5 3. Nf3 Bg7 4. g3 Nf6 5. Bg2 Nc6 6. O-O d6 7. d4 cxd4 8. Nxd4
Bd7 9. Nc2 Rc8 10. Be3 O-O 11. Nd5 Na5 12. Bd4 Nxc4 13. Nxf6+ Bxf6 14. Bxf6
exf6 15. b3 Na5 16. Rc1 Be6 17. Nb4 Rc5 18. Qd2 Bxb3 19. axb3 Nxb3 20. Qh6 Nxc1
21. Rxc1 Re8 22. Bf3 a5 23. Nd5 Re5 24. Rd1 b5 25. h4 f5 26. h5 b4 27. Kg2 Re6
28. hxg6 Rxg6 29. Qe3 Re6 30. Qf4 Re5 31. e4 fxe4 32. Nf6+ Kg7 33. Nxe4 Rxe4
34. Qxe4 Qf6 35. Rh1 h6 36. Rh4 Rg5 37. Qd3 Rf5 38. Qc2 Rg5 39. Qd2 Rg6 40. Rd4
Qe5 41. Qd1 Qe7 42. Rd5 Rg5 43. Rxd6 Qe5 44. Qd3 Qb5 45. Qd2 Qe5 46. Rd8 b3 47.
Rd7 b2 48. Rb7 h5 49. Rxb2 h4 50. g4 Qf6 51. Ra2 Rb5 52. Be4 Qe5 53. Bf5 Rb3
54. Rxa5 h3+ 55. Kg1 Qf6 56. Be4 0-1